| 000 | 00921nam a2200253 a 4500 | ||
|---|---|---|---|
| 001 | 000043567 | ||
| 005 | 20240306073901.0 | ||
| 008 | 121115s2014 dr acd 000 0 spa d | ||
| 020 | _a9789945160383 | ||
| 040 |
_aDO-SdBNP _bspa _cBNPHU |
||
| 082 |
_a659.2 _bR741g, 2014 |
||
| 100 | 1 |
_aRojas F., J. Luis _922494 |
|
| 245 | 1 | 0 |
_aGestión de las relaciones públicas : _bantecedentes, naturaleza y casos / _cJ. Luis Rojas ; prólogo José Mármol. |
| 250 | _a3a. ed. | ||
| 260 |
_aSanto Domingo : _bBúho, _c2014. |
||
| 300 |
_a400 p. : _bil., gráfcs., retrs. ; _c24 cm. |
||
| 500 | _aIncluye datos biográficos del autor en la solapa de la cubierta. | ||
| 504 | _aBibliografía: p.395-400 | ||
| 590 | _aInventariado, 2018/ YL | ||
| 650 | 4 |
_aRelaciones públicas _922495 |
|
| 650 | 4 |
_aPlanificación estratégica _92433 |
|
| 700 | 1 | 2 |
_aMármol, José, _d1960- _epról. _96454 |
| 910 | a | _aValidado. Control de calidad MFF | |
| 999 |
_c43056 _d43056 |
||